Movies Quiz

Random Movies or Animation Quiz

Disney/Pixar Siblings Quiz Stats

Quiz Updated Apr 24, 2016

Challenge
Share
Tweet
Score 0/15 Timer 03:00
4 Plays Today
% Correct
Elsa
98.4%
Mufasa
97%
Hades
94.7%
Ariel
88%
Lilo
84.2%
Wendy
82.6%
Hiro
76.7%
Andy
76.4%
% Correct
Anastasia
76%
Merida
71.2%
Violet
71%
Lucky
66.6%
Orville
63.3%
Remy
61.8%
Berlioz
59.2%

You're not logged in!

Compare scores with friends on all Sporcle quizzes.
Join for Free
OR
Log In

You Might Also Like...

Show Comments

Extras

Top Quizzes Today


Score Distribution

Your Account Isn't Verified!

In order to create a playlist on Sporcle, you need to verify the email address you used during registration. Go to your Sporcle Settings to finish the process.

Report this User

Report this user for behavior that violates our Community Guidelines.

Details: